ბათუმის შოთა რუსთაველის სახელმწიფო უნივერსიტეტის ბიბლიოთეკა

ადამიანის ძირითადი უფლებები და თავისუფლებები : (ბიბ.ჩანაწერი № 64099)

000 -ლიდერი
ფიქსირებული სიგრძის საკონტროლო ველი 01446nam a22002297a 4500
003 - საკონტროლო ნომრის იდენტიფიკატორი
საკონტროლო ველი Ge_BSU
005 - ბოლო ოპერაციის თარიღი და დრო
საკონტროლო ველი 20260331165332.0
008 - ფიქსირებული სიგრძის მონაცემთა ელემენტები - ზოგადი ინფორმაცია
ფიქსირებული სიგრძის საკონტროლო ველი 260330s2025 ge ||||| |||| 00| 0 geo d
020 ## - წიგნის საერთაშორისო სტანდარტული ნომერი
International Standard Book Number 9789941347559
041 ## - ენის კოდი
Language code of text/sound track or separate title geo
080 ## - უნივერსალური ათობითი კლასიფიკაციის ინდექსი
Universal Decimal Classification number 341.231.14(075.8) ა-26
245 ## - ცნობა სათაურის შესახებ
Title ადამიანის ძირითადი უფლებები და თავისუფლებები :
Remainder of title სახელმძღვანელო /
Statement of responsibility, etc რედ. ნ. ჭიღლაძე, გ. ალავერდაშვილი, თ. გოგისვანიძე, ნ. დოლუაშვილი
264 ## - წარმოების, გამოცემის, დისტრიბუციის და სხვა ცნობები
გამოცემის, წარმოების, დისტრიბუციის... ადგილი თბილისი :
გამოცემის, წარმოების, დისტრიბუციის... სახელწოდება მერიდიანი,
გამოცემის, წარმოების, დისტრიბუციის... თარიღი 2025.
300 ## - ფიზიკური აღწერა
Extent 854 გვ.;
Other physical details 24 სმ.
500 ## - ზოგადი შენიშვნა
General note სახელმძღვანელო ეძღვნრბა საქართველოს კონსტიტუციის 30
წლის იუბილეს
653 ## - INDEX TERM--UNCONTROLLED
Uncontrolled term ადამიანის ძირითადი უფლებები
700 ## - ADDED ENTRY--PERSONAL NAME
Personal name ჭიღლაძე, ნანა
Relator term რედაქტორი
9 (RLIN) 9364
700 ## - ADDED ENTRY--PERSONAL NAME
Personal name ალავერდაშვილი, გიორგი
Relator term რედაქტორი
9 (RLIN) 4493
700 ## - ADDED ENTRY--PERSONAL NAME
Personal name გოგისვანიძე, თორნიკე
Relator term რედაქტორი
9 (RLIN) 27246
700 ## - ADDED ENTRY--PERSONAL NAME
Personal name დოლუაშვილი, ნინო
Relator term რედაქტორი
9 (RLIN) 27247
942 ## - ADDED ENTRY ELEMENTS (KOHA)
Source of classification or shelving scheme
Koha item type წიგნი
ეგზემპლარები
ჩამოწერის სტატუსი დაკარგული ეგზემპლარის სტატუსი კლასიფიკაციის წყარო ან თაროზე გაწყობის სქემა დაზიანების სტატუსი არ გაიცემა მუდმივი მდებარეობა (დაცვის ადგილი) ამჟამინდელი ადგილსამყოფელი თაროზე განთავსების ადგილი შეძენის თარიღი ღირებულება, შესყიდვის ნორმალური ფასი სრული შენახვის შიფრი შტრიხკოდი ბოლო ოპერაციის თარიღი ეგზემპლარის მიმდევრობითი ნომერი (კეტერი?) Uniform Resource Identifier ფასის ძალაში შესვლის თარიღი ეგზემპლარის სახეობა საჯარო შენიშვნა
          ბათუმის შოთა რუსთაველის სახელმწიფო უნივერსიტეტის მთავარი ბიბლიოთეკა ბათუმის შოთა რუსთაველის სახელმწიფო უნივერსიტეტის მთავარი ბიბლიოთეკა წიგნსაცავი 2026-03-30 30.00 341.231.14(075.8) ა-26 74201 2026-03-30 74201 ნაჩუქარი 2026-03-30 წიგნი 30 ლ.